Termín daňových priznaní sa blíži rozhovor s vedúcim daňového referátu M. Zamkovským

Bibliographic Details
Main Author: Zamkovský, Matej (Author)
Format: Article
Language:Slovak
PhysicalDescription:Fotogr.
Subjects:

MARC

LEADER 00000nab a2200000 a 4500
001 vtls008941032
003 SK-MaSNL
005 20260303070820.0
008 070131 2007 xo w n 000 0 slo
015 |a SLLK2007  |2 sllk 
038 |a SLLK 
040 |a SLLK  |b slo  |c sllk  |e AACR2 
041 0 |a slo 
044 |a xo  |c SK 
080 |a 336.226.43  |2 1997 
080 |a 336.226.2  |2 1997 
245 0 0 |a Termín daňových priznaní sa blíži  |b rozhovor s vedúcim daňového referátu M. Zamkovským  |c Text (hm) ; foto (mv) 
300 |b Fotogr. 
610 2 7 |a Stará Ľubovňa (Slovensko)  |b Mestský úrad  |b Referát daní  |2 snkbucl  |9 1031878 
648 7 |a 2007  |2 snkbucl  |9 313226 
650 0 7 |a miestne dane  |y 2007  |z Stará Ľubovňa (Slovensko)  |2 snkbucl  |9 1068740 
651 7 |a Stará Ľubovňa (Slovensko)  |2 snkbucl  |9 19193 
700 1 |a Zamkovský, Matej  |4 ive  |4 aut  |9 1022854 
773 0 |t Ľubovnianske noviny  |g Roč. XXXIII, č. 2 (2007), s. 2 
852 |a SLLK  |b KIS3GCP 
999 |c 1757024  |d 1758954